00477nam a2200193 a 4500001001300000003000900013005001700022008004100039020001000080082001500090100002200105245001900127260003100146300000900177500003500186505001300221650002700234700002200261nice12345678IN_TiNIC20260116012118.0050524s1864 lona grp 000 0 eng  ac10000a232.9bNEA aNeander, Augustus aLife of Christ aLondonbBell & Daldyc1864 a499p aincludes index and biblioraphy2 aAppendix aJesus Christ-Biography1 aNeander, Augustus